00565nam a2200181 a 4500008004100000020001500041050001500056100002400071245009800095260004000193300002100233350000900254490003200263650002500295650002000320650002800340710001500368120416s1997 ||||||||||||||||| || u a0821339087 aIBRD(08)TP aSalman, Salman M. A14aThe legal framework for water users' associations: a comparative studycBy Salman M.A. Salman aWashington, D. C.bWorld Bankc1997 aix, 100p. : ill. a0.00 aWorld Bank Technical Papers aIrrigation districts aIrrigation laws aIrrigation - Management aWorld Bank